[Event "ROM-ch U08"]
[Site "Baile Felix"]
[Date "2017.02.02"]
[Round "1"]
[White "Nica, Tudor Stefan"]
[Black "Stanescu, David Stefan"]
[Result "0-1"]
[WhiteElo "1170"]
[BlackElo "1007"]
[PlyCount "60"]
[EventDate "2017.02.02"]
[EventType "swiss"]
[EventRounds "9"]
[EventCountry "ROU"]
[SourceTitle "CBM 176 Extra"]
[Source "ChessBase"]
[SourceDate "2017.03.02"]
[SourceVersion "1"]
[SourceVersionDate "2017.03.02"]
[SourceQuality "1"]

1. e4 c5 2. Nf3 Nc6 3. c4 Nf6 4. Nc3 d6 5. d3 e5 6. Nd5 Be6 7. Qb3 Rb8 8. Qc3 g6 9. Bg5 Bg7 10. Nxf6+ Bxf6 11. Bxf6 Qxf6 12. Be2 0-0 13. 0-0-0 Qd8 14. Rdg1 Qb6 15. b3 Nd4 16. Nxd4 cxd4 17. Qe1 Rbc8 18. g4 Rc5 19. Qd2 Ra5 20. h4 Qa6 21. Kb1 b5 22. b4 Ra4 23. Bd1 Ra3 24. Bb3 Rc8 25. Qc2 bxc4 26. Bxc4 Bxc4 27. dxc4 Rxc4 28. Qb2 Qa4 29. Ka1 Rc2 30. Rb1 Rxa2+ 0-1